书目信息 |
| 题名: |
爵士乐
|
|
| 作者: | 马尔松 , 贝莱斯特 著 | |
| 分册: | ||
| 出版信息: | 北京 商务印书馆 1998.12 |
|
| 页数: | 202页 | |
| 开本: | 32开 | |
| 丛书名: | ||
| 单 册: | ||
| 中图分类: | J618 | |
| 科图分类: | ||
| 主题词: | 音乐--技术--理论 , 音乐--技术--方法 | |
| 电子资源: | ||
| ISBN: | 7-100-02161-8 | |
| 000 | 00608nam0 2200217 45 | |
| 001 | 0009182162 | |
| 005 | 20000918212449.2 | |
| 010 | @a7-100-02161-8@d7.50元 | |
| 100 | @a20000918d1998 km y0chiy0120 ea | |
| 101 | 0 | @achi |
| 105 | @a z 000yy | |
| 200 | 1 | @a爵士乐@AJue Shi Yue@f(法)马尔松,贝莱斯特著@F(Fa)Ma Er Song,Bei Lai Si Te Zhu |
| 210 | @a北京@c商务印书馆@d1998.12 | |
| 215 | @a202页@d32开 | |
| 606 | 0 | @a音乐@x技术@x理论 |
| 606 | 0 | @a音乐@x技术@x方法 |
| 690 | @aJ618@v3 | |
| 701 | 0 | @a马尔松@4著 |
| 701 | 0 | @a贝莱斯特@4著 |
| 801 | @aCN@bPftUser@c20000918 | |
| 905 | @b147971-973@dJ618@eM755@f3 | |
| 爵士乐/(法)马尔松,贝莱斯特著.-北京:商务印书馆,1998.12 |
| 202页;32开 |
| ISBN 7-100-02161-8:7.50元 |
| ● |
| 相关链接 |
|
|
|
正题名:爵士乐
索取号:J618/M755
 
预约/预借
| 序号 | 登录号 | 条形码 | 馆藏地/架位号 | 状态 | 备注 |
| 1 | 147971 | 201479710 | 社科库309/309社科库 92排3列2层/ [索取号:J618/M755] | 在馆 | |
| 2 | 147972 | 201479729 | 社科库309/309社科库 92排3列2层/ [索取号:J618/M755] | 在馆 | |
| 3 | 147973 | 201479738 | 社科库309/309社科库 92排3列2层/ [索取号:J618/M755] | 在馆 |